5HLuxD.jpg

KING HENRY VIII SENIOR AND PRIMARY SCHOOL LIBRARY OPAC

Watership down / (Record no. 5127)

000 -LEADER
fixed length control field 00647aam a2200229 4500
003 - CONTROL NUMBER IDENTIFIER
control field OSt
005 - DATE AND TIME OF LATEST TRANSACTION
control field 20250626100629.0
008 - FIXED-LENGTH DATA ELEMENTS--GENERAL INFORMATION
fixed length control field 141117t20141993enkab j 000 f eng d
020 ## - INTERNATIONAL STANDARD BOOK NUMBER
International Standard Book Number 9780141354965
040 ## - CATALOGING SOURCE
Modifying agency CaOL
Language of cataloging eng
Transcribing agency KH8
082 ## - DEWEY DECIMAL CLASSIFICATION NUMBER
Classification number FIC ADA
100 1# - MAIN ENTRY--PERSONAL NAME
Personal name Adams, Richard,
Dates associated with a name 1920-2016,
Relator term author.
245 10 - TITLE STATEMENT
Title Watership down /
Statement of responsibility, etc. Richard Adams.
260 ## - PUBLICATION, DISTRIBUTION, ETC.
Date of publication, distribution, etc. 2014, c1993.
Place of publication, distribution, etc. England ;
Name of publisher, distributor, etc. Penguin Books,
300 ## - PHYSICAL DESCRIPTION
Extent 613 pages :
Dimensions 20 cm.
500 ## - GENERAL NOTE
General note Illustrated by David Parkins.
650 ## - SUBJECT ADDED ENTRY--TOPICAL TERM
Topical term or geographic name entry element Fantasy
Form subdivision fiction
650 ## - SUBJECT ADDED ENTRY--TOPICAL TERM
Topical term or geographic name entry element Animal
Form subdivision fiction
650 ## - SUBJECT ADDED ENTRY--TOPICAL TERM
Topical term or geographic name entry element Adventure
Form subdivision fiction
700 1# - ADDED ENTRY--PERSONAL NAME
Personal name Parkins, David,
Relator term illustrator.
942 ## - ADDED ENTRY ELEMENTS (KOHA)
Source of classification or shelving scheme
Koha item type Books - Fiction
Holdings
Withdrawn status Lost status Source of classification or shelving scheme Damaged status Not for loan Collection code Permanent Location Current Location Shelving location Date acquired Full call number Barcode Date last seen Price effective from Koha item type
          Fiction KH8 Senior School Library KH8 Senior School Library Fiction 2025-06-26 FIC ADA 3KHSL000102310 2025-06-26 2025-06-26 Books - Fiction

Powered By KH8 IT Dept